Guess the 1960s song lyrics #286 - Statistics

General Stats
  • This quiz has been taken 17 times
  • The average score is 40 of 78
Answer Stats
Answer % Correct
a
87%
a
87%
me
87%
me
87%
me
87%
me
87%
my
80%
my
80%
my
80%
my
80%
my
80%
my
80%
my
80%
you
80%
you
80%
you
80%
and
67%
let
67%
let
67%
let
67%
tell
67%
tell
67%
tell
67%
so
60%
the
60%
to
60%
to
60%
best
53%
best
53%
best
53%
best
53%
bout
53%
bout
53%
bout
53%
friend
53%
friend
53%
friend
53%
friend
53%
He's
53%
He's
53%
he's
53%
he's
53%
he's
53%
love
53%
talkin
53%
talkin
53%
Harry Nilsson
47%
man
47%
man
47%
one
47%
much
40%
or
40%
we're
40%
we're
40%
Cause
33%
down
33%
fun
33%
People
33%
People
33%
People
33%
up
33%
Yes
33%
end
27%
him
27%
person
27%
son
27%
son
27%
till
27%
boy
20%
hearted
20%
warm
20%
who'll
20%
cuddly
13%
joy
13%
pride
13%
toy
13%
Whether
13%
whether
13%
No matching quizzes found
Score Distribution
Percent of People with Each Score
Percentile by Number Answered
Your Score History
You have not taken this quiz